00565 2200193 4500001002100000005001500021035002000036245011400056100001300170250000600183300003300189700002500222260003100247082001100278084001700289020001800306650003000324990001700354INLIS00000000000038720181012030139 a0010-10180000771 aNabi Muhammad SAW Rasul Kesayangan Kita 2 :bKeledai yang Beruntung /cTim Soka; Editor, Eko Marsudiono, S.Pd0 aTim Soka a- a25 hlm. :bilus. ;c27,5 cm.0 aEko Marsudiono, S.Pd aBogor :bYudhistira,c2004 a297.09 a297.09 TIM n a979-746-002-9 aSejarah Nabi Muhammad SAW a01500/P/2018